Zostavenie účtovnej závierky podľa IFRS pre malé a stredné podniky diplomová práca

Enregistré dans:
Détails bibliographiques
Auteur principal: Mifkovičová, Daniela
Collectivité auteur: Fakulta hospodárskej informatiky EU. Katedra účtovníctva a audítorstva
Autres auteurs: Parajka, Branislav, 1981-
Format: Livre
Langue:slovaque
Publié: Bratislava 2012
Tags: Ajouter un tag
Pas de tags, Soyez le premier à ajouter un tag!

MARC

LEADER 00000nbm a2200000 4500
001 0154773
005 20161109102143.9
041 0 |a slo 
044 |a SK 
245 1 0 |a Zostavenie účtovnej závierky podľa IFRS pre malé a stredné podniky  |b diplomová práca  |c Daniela Mifkovičová ; školiteľ: Branislav Parajka 
264 1 |a Bratislava  |c 2012 
300 |a 63 s. 
100 1 |a Mifkovičová, Daniela 
700 1 |a Parajka, Branislav, 1981- 
710 2 |a Fakulta hospodárskej informatiky EU. Katedra účtovníctva a audítorstva